<?xml version="1.0" encoding="UTF-8"?>
<record
    xmlns:xsi="http://www.w3.org/2001/XMLSchema-instance"
    xsi:schemaLocation="http://www.loc.gov/MARC21/slim http://www.loc.gov/standards/marcxml/schema/MARC21slim.xsd"
    xmlns="http://www.loc.gov/MARC21/slim">

  <leader>01515agaaa2200337   4500</leader>
  <controlfield tag="001">0992</controlfield>
  <controlfield tag="003">IT-RoPAU</controlfield>
  <controlfield tag="005">20220918181250.0</controlfield>
  <controlfield tag="007">d cvaizq</controlfield>
  <controlfield tag="008">50131s9999||||xx ||| |     ||   ||und||</controlfield>
  <datafield tag="040" ind1=" " ind2=" ">
    <subfield code="a">IT-RoPAU</subfield>
    <subfield code="c">IT-RoPAU</subfield>
  </datafield>
  <datafield tag="041" ind1=" " ind2=" ">
    <subfield code="a">ITALIANO</subfield>
  </datafield>
  <datafield tag="100" ind1=" " ind2=" ">
    <subfield code="a">Attenborough Richard</subfield>
    <subfield code="g">Codice regista SPICS: 38846</subfield>
    <subfield code="9">48521</subfield>
  </datafield>
  <datafield tag="130" ind1=" " ind2=" ">
    <subfield code="a">GANDHI</subfield>
    <subfield code="9">48522</subfield>
  </datafield>
  <datafield tag="240" ind1=" " ind2=" ">
    <subfield code="a">GANDHI</subfield>
    <subfield code="g">T2654</subfield>
  </datafield>
  <datafield tag="245" ind1=" " ind2=" ">
    <subfield code="a">GANDHI</subfield>
    <subfield code="c">Sceneggiatura: Briley John -- Diretto da: Attenborough Richard</subfield>
    <subfield code="p">GANDHI (Rif. Codice opera principale : V0992)</subfield>
  </datafield>
  <datafield tag="246" ind1=" " ind2=" ">
    <subfield code="a">GANDHI</subfield>
  </datafield>
  <datafield tag="250" ind1=" " ind2=" ">
    <subfield code="a">Edizione Standard</subfield>
  </datafield>
  <datafield tag="260" ind1=" " ind2=" ">
    <subfield code="a">(GRAN BRETAGNA / UK)</subfield>
    <subfield code="b">ATTENBOROUGH RICHARD / Distribuzione: SPF FIRENZE</subfield>
    <subfield code="g">"1982 (1&#xB0; ed.: 1993 ; Ed. Lingua Orig.: 1982)"</subfield>
  </datafield>
  <datafield tag="300" ind1=" " ind2=" ">
    <subfield code="a">16MM</subfield>
    <subfield code="b">sonoro, col.</subfield>
    <subfield code="c">187 minuti</subfield>
  </datafield>
  <datafield tag="508" ind1=" " ind2=" ">
    <subfield code="a">"Fotografia: Williams B. Taylor R; Montaggio: Bloom John; Musica: Shankar Ravi; Sceneggiatura: Briley John; "</subfield>
  </datafield>
  <datafield tag="511" ind1=" " ind2=" ">
    <subfield code="a">"Kingsley Ben; Hattangady Rohini; Bergen Candice; Fox Edward; Gielgud John"</subfield>
  </datafield>
  <datafield tag="520" ind1=" " ind2=" ">
    <subfield code="a">IL RACCONTO DELLA VITA DI GANDHI PARTENDO NEL 1833 IN SUD AFRICA FINO ALLAMORTE. FILM A COLORI. PELLICOLA NUOVA STEREO.</subfield>
  </datafield>
  <datafield tag="538" ind1=" " ind2=" ">
    <subfield code="a">MONO</subfield>
  </datafield>
  <datafield tag="546" ind1=" " ind2=" ">
    <subfield code="a">ITALIANO</subfield>
  </datafield>
  <datafield tag="650" ind1=" " ind2=" ">
    <subfield code="a">BIOGRAFICO</subfield>
    <subfield code="e">PELLICOLE CINEMA [16MM]</subfield>
    <subfield code="x">Codice MATERIA SPICS: 9955</subfield>
    <subfield code="9">36743</subfield>
  </datafield>
  <datafield tag="700" ind1=" " ind2=" ">
    <subfield code="a">Attenborough Richard </subfield>
    <subfield code="e">(regista)</subfield>
    <subfield code="g">Codice regista SPICS: 38846</subfield>
    <subfield code="9">48523</subfield>
  </datafield>
  <datafield tag="700" ind1=" " ind2=" ">
    <subfield code="a">Fischer Louis </subfield>
    <subfield code="e">(soggetto)</subfield>
    <subfield code="g">Codice Soggetto SPICS: 38847</subfield>
    <subfield code="9">48524</subfield>
  </datafield>
  <datafield tag="700" ind1=" " ind2=" ">
    <subfield code="a">Shankar Ravi</subfield>
    <subfield code="e">(musica)</subfield>
    <subfield code="g">Codice Musica SPICS: 28674</subfield>
    <subfield code="9">48525</subfield>
  </datafield>
  <datafield tag="942" ind1=" " ind2=" ">
    <subfield code="c">MM</subfield>
    <subfield code="2">ddc</subfield>
  </datafield>
  <datafield tag="999" ind1=" " ind2=" ">
    <subfield code="c">106747</subfield>
    <subfield code="d">106747</subfield>
  </datafield>
  <datafield tag="952" ind1=" " ind2=" ">
    <subfield code="0">0</subfield>
    <subfield code="1">0</subfield>
    <subfield code="4">0</subfield>
    <subfield code="6">V_0992_000000000000000</subfield>
    <subfield code="7">1</subfield>
    <subfield code="a">SPICS</subfield>
    <subfield code="b">SPICS</subfield>
    <subfield code="d">2015-01-31</subfield>
    <subfield code="l">0</subfield>
    <subfield code="o">V0992</subfield>
    <subfield code="r">2015-01-31 00:00:00</subfield>
    <subfield code="w">2015-01-31</subfield>
    <subfield code="y">MM</subfield>
    <subfield code="z">Progr. Ins.: 1215 / N.Vol.:4 / Copie: 1 / Pag.:0 / Copia rara: n.d. / date import: 1.2.2015 / By Epidotti, Trombetti, Vaglietti - CUSTODITA PRESSO FILMOTECA VATICANA</subfield>
  </datafield>
</record>
